000 00971nam a2200253 a 4500
001 17919
003 BD-RjUL
005 20211209000218.0
008 880808s1886 enk 000 0 eng
035 _a11-19010
035 _a(BD-RjUL)
040 _aDLC
_cNGU
_dm.c
_dBD-RjUL
_beng
041 _aeng
082 _a820.9
_bHES
100 1 _aHerford, C. H.
_q(Charles Harold),
_d1853-1931.
_955281
245 1 0 _aStudies in the literary relations of England and Germany in the sixteenth century /
_c Charles H. Herford ...
260 _aCambridge [Eng.] :
_bAt the university press,
_c1886.
300 _axxix, [1], 426 p. ;
_c20 cm
505 0 _aIntroduction.--Lyrics--Polemical dialogues.--The Latin drama.--The Faustus cycle.--The Ulenspiegel cycle.--The ship of fools.--Grobianus and Grobianism
650 0 _aComparative literature
_xEnglish and German
_955110
650 0 _aComparative literature
_xGerman and English
_955111
942 _2ddc
_cBK
999 _c17919
_d17919